Cấu trúc máy vi tính /

Đã lưu trong:
Sonraí Bibleagrafaíochta
Príomhúdar: Trần Quang Vinh
Formáid: Sách giấy
Teanga:Vietnamese
Foilsithe: H. : Giáo dục, 2001
Eagrán:Tái bản lần thứ sáu
Clibeanna: Cuir Clib Leis
Gan Chlibeanna, Bí ar an gcéad duine leis an taifead seo a chlibeáil!
Thư viện lưu trữ: Thư viện Trường Đại học Đà Lạt
LEADER 00762nam a2200313 4500
001 DLU040030169
003 ##DLU
005 ##20041214
008 ##021230t vn z000 vie d
040 # # |a DLU  |b vie 
041 # # |a vie 
044 # # |a vn 
082 # # |a 004.22  |b TR-V 
100 # # |a Trần Quang Vinh 
245 # # |a Cấu trúc máy vi tính /  |c Trần Quang Vinh 
250 # # |a Tái bản lần thứ sáu 
260 # # |a H. :  |b Giáo dục,  |c 2001 
300 # # |a 216 tr. ;  |c 27 cm 
504 # # |a Tài liệu tham khảo :tr.212 
923 # # |a 41/2004 
992 # # |a 19400 
994 # # |a DLU 
900 # # |a True 
911 # # |a Đào Thị Thu Huyền 
925 # # |a G 
926 # # |a A 
927 # # |a SH 
980 # # |a Thư viện Trường Đại học Đà Lạt